000 00688 a2200205 4500
020 _a3527406514
020 _a9783527406517
082 _a620.5
090 _c1032
_d1032
100 1 _aWolf, Edward L.
245 1 0 _aNanophysics and nanotechnology :
_ban introduction to modern concepts in nanoscience /
_cEdward L. Wolf.
250 _a2nd, Edition.
260 _a[S.l.] :
_bWiley-VCH,
_c2006.
300 _a308 p. ;
_c25 cm.
490 1 _aPhysics textbook.
700 _aWolf, Edward L.
830 0 _aPhysics textbook.
942 _aSNS
_cBK
_k620.5 WOL
999 _c29650
_d29650